000 00704nam a2200229 i 4500
001 11346
003 ES-MaACL
005 20250830095813.0
007 t|
008 960419s1995 sp f |||| | spa d
020 _a84-309-2649-6
080 _a321.01(4)
100 1 _aGonzález Seara, Luis.
_958964
245 1 3 _aEl poder y la palabra
_b: idea del estado y vida política en la cultura europea /
_cLuis González Seara.
260 _aMadrid :
_bTecnos,
_cD.L. 1995.
300 _a961 p., [40] p. de lám. ;
_c25 cm.
490 1 _aVentana abierta
650 1 4 _aEstado-
_vHistoria
_912525
830 0 _aVentana abierta
_9179022
852 _aES-MaACL
_jL-18655
999 _c11346
_d11346